Normal view MARC view

Entry Topical Term

Number of records used in: 1

001 - CONTROL NUMBER

  • control field: 49005

003 - CONTROL NUMBER IDENTIFIER

  • control field: OSt

005 - DATE AND TIME OF LATEST TRANSACTION

  • control field: 20241120165533.0

008 - FIXED-LENGTH DATA ELEMENTS

  • fixed length control field: 241120|| aca||aabn | a|a d

040 ## - CATALOGING SOURCE

  • Original cataloging agency: OSt
  • Transcribing agency: OSt

150 ## - HEADING--TOPICAL TERM

  • Topical term or geographic name entry element: Female youth labour force, Labour underutilisation, Potential labour force, Size of labour force.

670 ## - SOURCE DATA FOUND

  • Source citation: Work cat.: (OSt): Bedamatta, Rajshree and Bordoloi, Mridusmita 49004, India’s missing female youth labour force: Size, characteristics and policy concern

Powered by Koha